000 00272nam a22001097a 4500
082 _a507 WOO'T
100 _aWOODBURN, JOHN H,OBOURN, ELLSWORTH S
_977123
245 _aTEACHING THE PURSUIT OF SCIENCE
260 _aNEWYORK
_bMACMILLAN
_c1965
300 _a470P
942 _cBK
999 _c582451
_d582451